Premier League kółko i krzyżyk vol.5 - Statystyki

Ogólne statystyki
  • Ten quiz został rozwiązany 307 razy
  • Średni wynik to 4 z 9
Statystyki odpowiedzi
Hint Odpowiedź % Poprawnych
MUFC/Urugwaj Ugarte | Cavani | Pellistri | Varela | Forlan
95%
MUFC/Meksyk Chicharito
72%
Spurs/Urugwaj Bentancur | Poyet
63%
Spurs/Kolumbia Sanchez
56%
MUFC/Kolumbia Falcao
50%
Arsenal/Urugwaj Torreira
42%
Arsenal/Kolumbia Ospina
34%
Arsenal/Meksyk Vela
31%
Spurs/Meksyk Giovani dos Santos
5%
Nie znaleziono quizów pasujących do podanych kryteriów
Rozkład punktacji
Procent ludzi z każdym wynikiem
Percentyl według liczby udzielonych odpowiedzi
Twoja historia wyników
Nie rozwiązałeś tego quizu